00297nam a2200121Ia 4500008004100000041000800041082001700049100001800066245003100084260003700115300001600152365000700168240624s9999 xx 000 0 und d aeng a005.7575 ABB aABBEY MICHAEL aORACLE9I A BEGINNERS GUIDE c2002aNew DelhibTata McGrawhill axxiv, : 515 cRS